Panvowels - Statistics

General Stats
  • This quiz has been taken 363 times
    362 since last reset
  • The average score is 4 of 12
Answer Stats
Hint Answer % Correct
Able to use both hands equally well. Ambidextrous
89%
A white vegetable resembling broccoli but technically part of the cabbage family. Cauliflower
84%
Percussion instrument with small metal discs that jingle when struck or shaken. Tambourine
60%
Very large, reddish coniferous tree in California. Sequoia
51%
Extreme weakness, tiredness, or fatigue. Exhaustion
30%
A person who possesses a fortune that amounts to many millions of dollars, francs, etc. Multimillionaire
25%
The science or art of teaching. Education
24%
A measure taken in advance to avoid misfortune or unfavorable outcomes. Precaution
21%
Not meant to be taken seriously or literally. Facetious
15%
To sanction or give official power. Authorize
8%
Composed of or containing a variety of things; mixed; varied. Miscellaneous
8%
Not set or placed apart; included. Unisolated
1%
No matching quizzes found
Score Distribution
Percent of People with Each Score
Percentile by Number Answered
Your Score History
You have not taken this quiz since the last reset